Detalles MARC
| 000 -CABECERA |
| campo de control de longitud fija |
01832nam a22003257a 4500 |
| 003 - IDENTIFICADOR DEL NÚMERO DE CONTROL |
| campo de control |
OSt |
| 005 - FECHA Y HORA DE LA ÚLTIMA TRANSACCIÓN |
| campo de control |
20260321073644.0 |
| 007 - CAMPO FIJO DE DESCRIPCIÓN FÍSICA--INFORMACIÓN GENERAL |
| campo de control de longitud fija |
ta |
| 008 - DATOS DE LONGITUD FIJA--INFORMACIÓN GENERAL |
| campo de control de longitud fija |
210201e2019 ddra|||gr|||| 001 e spa d |
| 020 ## - NÚMERO INTERNACIONAL ESTÁNDAR DEL LIBRO |
| Número Internacional Estándar del Libro |
9789945590883 (tapa dura) |
| 020 ## - NÚMERO INTERNACIONAL ESTÁNDAR DEL LIBRO |
| Número Internacional Estándar del Libro |
978-9945-590-86-9 (tapa blanda) |
| 040 ## - FUENTE DE LA CATALOGACIÓN |
| Centro catalogador/agencia de origen |
DO-SdBNP |
| Lengua de catalogación |
spa |
| Centro/agencia transcriptor |
BNPHU |
| 082 #4 - NÚMERO DE LA CLASIFICACIÓN DECIMAL DEWEY |
| Número de clasificación |
320.97293 |
| Número de documento/Ítem |
F363i |
| Número de edición |
22 |
| 100 1# - ENTRADA PRINCIPAL--NOMBRE DE PERSONA |
| Nombre de persona |
Fernández, Leonel, |
| Fechas asociadas al nombre |
1953- |
| 9 (RLIN) |
7291 |
| 245 1# - MENCIÓN DE TÍTULO |
| Título |
Ideas en conflicto : |
| Resto del título |
diálogo póstumo entre Juan Bosch y John Bartloe Martin / |
| Mención de responsabilidad, etc. |
Leonel Fernández, edición, Noris Eusebio Pol. |
| 260 ## - PUBLICACIÓN, DISTRIBUCIÓN, ETC. |
| Lugar de publicación, distribución, etc. |
Santo Domingo : |
| Nombre del editor, distribuidor, etc. |
FUNGLODE, |
| Fecha de publicación, distribución, etc. |
2019. |
| 300 ## - DESCRIPCIÓN FÍSICA |
| Extensión |
418 p. : |
| Otras características físicas |
il. , retrs. ; |
| Dimensiones |
23 cm. |
| 490 ## - MENCIÓN DE SERIE |
| Mención de serie |
Política |
| 500 ## - NOTA GENERAL |
| Nota general |
Incluye referencias bibliográficas y notas al pié de las páginas. |
| 505 0# - NOTA DE CONTENIDO CON FORMATO |
| Nota de contenido con formato |
Abreviaciones -- |
| Título |
Prólogo -- |
| Información miscelánea |
Canto I : |
| Título |
Vidas paralelas -- |
| Información miscelánea |
Canto II : |
| Título |
Herencia sangrienta -- |
| Información miscelánea |
Capitulo III : |
| Título |
Bajo dictadura -- |
| Información miscelánea |
Capitulo IV : |
| Título |
A la muerte de Trujillo -- |
| Información miscelánea |
Capitulo V : |
| Título |
El Consejo de Estado -- |
| Información miscelánea |
Capitulo VI : |
| Título |
Estructura social dominicana -- |
| Información miscelánea |
Canto VII : |
| Título |
Rumbo a la demogracia -- |
| Información miscelánea |
Canto VIII : |
| Título |
La toma de posesión -- |
| Información miscelánea |
Canto IX: |
| Título |
Comunismo y democracia -- |
| Información miscelánea |
Canto X : |
| Título |
Relaciones ambivalentes -- |
| Información miscelánea |
Canto XI : |
| Título |
El conflicto con Hait161 -- |
| Información miscelánea |
Canto XII : |
| Título |
El golpe -- |
| Información miscelánea |
Canto XIII : |
| Título |
Revuelta popular -- |
| Información miscelánea |
Canto XIV : |
| Título |
El revuelta popular -- |
| -- |
Referencias -- |
| -- |
Anexo: Conquistador en caqui |
| 600 10 - PUNTO DE ACCESO ADICIONAL DE MATERIA--NOMBRE DE PERSONA |
| Nombre de persona |
Bosch, Juan, |
| Fechas asociadas al nombre |
1909-2001 |
| 9 (RLIN) |
76555 |
| 600 14 - PUNTO DE ACCESO ADICIONAL DE MATERIA--NOMBRE DE PERSONA |
| Nombre de persona |
Martin, John Bartlow, |
| Fechas asociadas al nombre |
1915-1987. |
| 9 (RLIN) |
45352 |
| 651 #4 - PUNTO DE ACCESO ADICIONAL DE MATERIA--NOMBRE GEOGRÁFICO |
| Nombre geográfico |
Estados Unidos |
| Subdivisión general |
Relaciones |
| Subdivisión geográfica |
República Dominicana |
| 9 (RLIN) |
2531 |
| 651 #4 - PUNTO DE ACCESO ADICIONAL DE MATERIA--NOMBRE GEOGRÁFICO |
| Nombre geográfico |
República Dominicana |
| Subdivisión general |
Relaciones |
| Subdivisión geográfica |
Estados Unidos |
| 9 (RLIN) |
2530 |
| 700 1# - PUNTO DE ACCESO ADICIONAL--NOMBRE DE PERSONA |
| Nombre de persona |
Pol, Noris Eusebio, |
| Término indicativo de función/relación |
edi. |
| 9 (RLIN) |
77718 |
| 710 1# - PUNTO DE ACCESO ADICIONAL--NOMBRE DE ENTIDAD CORPORATIVA |
| Código de función/relación |
Fundación Global Democracia y Desarrollo |
| 830 ## - PUNTO DE ACCESO ADICIONAL DE SERIE-TÍTULO UNIFORME |
| Nombre de parte o sección de la obra |
Política |
| 9 (RLIN) |
2269 |
| 910 ## - DATOS DE OPCIÓN DEL USUARIO (OCLC) |
| Datos de opción del usuario |
Validado. Control de calidad MFF |
| 942 ## - ELEMENTOS DE PUNTO DE ACCESO ADICIONAL (KOHA) |
| Fuente del sistema de clasificación o colocación |
Dewey Decimal Classification |
| Tipo de ítem Koha |
Libro |